Responses for show #410 - Friday, April 4, 1986

Contestants

Phil Purganan, a sales manager from Daly City, California

Andrea Reid, a savings counselor from Culver City, California

Tom McCrossan, a sales representative originally from Rochester, New York

Jeopardy! Round responses

TRAVEL & TOURISM
SPORTS
LEFTOVERS
TOP 40
RELIGION
"CAN" IT
    $100 3
Caribbean

Phil
    $100 1
(Andrea: What is baseball?)

softball

AndreaPhil
    $100 15
Vulcan

Phil
    $100 7
The Beatles

Tom
    $100 16
Brigham Young

Phil
    $100 22
canal

Andrea
    $200 12
Club Med

Tom
    $200 2
figure skating

Andrea
    $200 18
(Tom: What is a hen?)
(Alex: No. Whoa!)
[Laughter]
(Phil: What is a cock?)
(Alex: Pardon? No, I don't think so.)
[Laughter]
(Alex: Andrea, you don't want to try it?)
(Andrea: My uncle's gonna kill me, he raises them.)

capons

TomPhil
Triple Stumper
    $200 8
(Andrea: Who is John Lennon?)

Elvis (The King)

TomAndrea
    $200 17
Ganges

Tom
    $200 23
canned

Phil
    $300 13
drink it

Tom
    $300 4
Ted Williams

Phil
    $300 19
(Andrea: What is Disney?)

cartoon animation

Andrea
Triple Stumper
    $300 9
Rick Springfield

Andrea
    $300 27
Islam & Judaism

Andrea
    $300 24
Cantonese

Triple Stumper
    $400 14
(Phil: What is dysentery?)
(Tom: What is gamma globulin?)

cholera

TomPhil
Triple Stumper
    $400 5
bowling

Phil
    $400 20
sultan

Tom
    $400 10
(Alex: Yes, the song was "Ringo" and he had it in 1964, I believe.)

Lorne Greene

Tom
    $100 28
(Andrea: What is I "cannot" answer this question?)
(Alex: Well, you got the "can" in there.)
[Laughter]
(Alex: Pachibel's "[*] in D".)
[The end-of-the-round signal sounds.]

canon

Andrea
    $500 25
(Phil: What is Yugoslavia?)
(Andrea: What is Greece and Yugoslavia?)
...
(Alex: We've got about a minute to go.)

(2 of) Greece, Turkey, Bulgaria & Romania

AndreaPhil
Triple Stumper
    $500 6
New York

Tom
    $500 21
(Phil: What is the, uh, vestibule?)

nave

AndreaPhil
    $500 11
"Go Away Little Girl"

Phil
    $500 26
cantilever

Triple Stumper

Scores at the first commercial break (after clue 14):

Tom Andrea Phil
$1,300 $200 $1,000

Scores at the end of the Jeopardy! Round:

Tom Andrea Phil
$1,700 $200 $200

Double Jeopardy! Round responses

THE SOLAR SYSTEM
POLITICS
MOVIE SERIALS
LITERATURE
ANATOMY
TEXTILES
    $200 3
Jupiter

Andrea
    $200 2
John F. Kennedy

Phil
    $200 14
bad guys (villains)

Tom
    $200 1
green

Tom
    $200 12
brain

Tom
    $200 22
(Tom: What is hemp?)

cotton

TomPhil
    $400 4
Mercury, Venus, Earth & Mars

Andrea
    $400 8
Alexander Hamilton

Tom
    $400 15
Pauline

Andrea
    $400 13
muscles

Andrea
    $400 23
(Tom: What are snails?)

silkworms

TomPhil
    $600 5
(Phil: What is Jupiter?)

Saturn

AndreaPhil
    $600 9
tiger

Triple Stumper
    $600 16
Dick Tracy

Tom
    $600 19
retina

Phil
    $600 24
spinning wheel

Triple Stumper
    $800 6
[ERRATUM: "At" was displayed as "As" to begin the clue.]

Pluto

Phil
    $800 10
Andrew Johnson

Phil
    $800 17
Boy Scouts

Triple Stumper
    $800 20
hemoglobin

Phil
    $1,000 25
(2 of) North Carolina, South Carolina (or Georgia)

Phil
    $1000 7
(Phil: What is Neptune?)

Uranus

Phil
Triple Stumper
    $1000 11
Wisconsin

Triple Stumper
    $1000 18
Keye Luke

Phil
    $1000 21
(Alex: That's it and we've got a minute to go in the round.)

endocrine

Phil
    $1000 26
(Andrea: What is the shuttle?)
(Alex: Be more specific.)
(Andrea: Shuttlecraft?)
(Tom: What's a shuttlecock?)
(Phil: What are tiles?)
...
[The end-of-the-round signal sounds.]

flying shuttle

TomAndreaPhil
Triple Stumper

Scores at the end of the Double Jeopardy! Round:

Tom Andrea Phil
$1,700 $1,200 $4,400
(lock game)

[wagering suggestions for these scores]

Final Jeopardy! Round responses

TELEVISION
(Alex: The shows were Gunsmoke, Wagon Train, Bonanza and Have Gun Will Travel.)
AndreaWhat were westerns?
$1,000
TomWhat is a western
$1,700
PhilWhat are westerns?
$999
westerns

Final scores:

Tom Andrea Phil
$3,400 $2,200 $5,399
2nd place: trip on Eastern Airlines to Orlando & stay at Radisson Plaza Hotel Orlando 3rd place: Hitachi 13" color TV New champion: $5,399

Game dynamics:

Coryat scores:

Tom Andrea Phil
$1,700 $1,300 $4,200
13 R,
5 W
10 R
(including 1 DD),
6 W
(including 1 DD)
18 R
(including 1 DD),
7 W

Combined Coryat: $7,200

The J! Archive is created by fans, for fans. The Jeopardy! game show and all elements thereof, including but not limited to copyright and trademark thereto, are the property of Jeopardy Productions, Inc. and are protected under law. This website is not affiliated with, sponsored by, or operated by Jeopardy Productions, Inc. Join the discussion at JBoard.tv.